Entfristung für Frankfurts Musikschullehrer kommt (Titelsatznr. 374385)
[ MARC ]
| 000 -Satzkennung | |
|---|---|
| Kontrollfeld mit fester Länge | 00682nab a2200193 4500 |
| 001 - Kontrollnummer | |
| Kontrollfeld | 244442 |
| 003 - Kontrollnummer Identifier | |
| Kontrollfeld | OSt |
| 005 - Datum und Zeit der letzten Transaktion | |
| Kontrollfeld | 20260429120054.0 |
| 007 - Feld mit fester Länge zur physischen Beschreibung - Allgemeine Information | |
| Kontrollfeld mit fester Länge | tu |
| 008 - Feld mit fester Länge zur physischen Beschreibung - Allgemeine Angaben | |
| Kontrollfeld mit fester Länge | 260429s2020||||||| |
| 040 ## - Katalogisierungsquelle | |
| Original-Katalogisierungsstelle | DE-2950 |
| Übertragungsstelle | DE-2950 |
| 245 00 - Titel | |
| Titel | Entfristung für Frankfurts Musikschullehrer kommt |
| Zusatz zum Titel | Verwaltung. Nachdem es zwischen Stadt und Kultureigenbetrieb zunächst Abstimmungsprobleme zu dem Beschluss gab, soll er nun zeitnah umgesetzt werden/ |
| Verfasserangabe etc. | Nicole Buhlau |
| 264 ## - Produktion, Veröffentlichung, Distribution, Herstellung und Urheberrechtsvermerk | |
| Datum der Herstellung, der Veröffentlichung, des Vertriebs oder des Urheberschutzvermerks | 2026 |
| 653 ## - Indexierungsterm - Nicht normiert | |
| Nicht-normierter Term | Frankfurt (Oder) |
| 653 ## - Indexierungsterm - Nicht normiert | |
| Nicht-normierter Term | Musikschule |
| 653 ## - Indexierungsterm - Nicht normiert | |
| Nicht-normierter Term | Entfristung Lehrerstellen |
| 773 0# - Übergeordnete Einheit | |
| Verknüpfungsangaben | 37. Jahrgang (2026) Nr. 95 vom 24.04.2026 , S. 15 mit Foto |
| Titel | Märkische Oderzeitung |
| 942 ## - Zusätzliche Felder (Koha) | |
| Klassifikation oder Aufstellungssystematik | Andere/Generische Klassifikation |
| Koha-Medientyp | Aufsätze |
| Ausgeschieden | Verloren | Klassifikation oder Aufstellungssystematik | Beschädigt | Nicht entleihbar | Heimatbibliothek | Aufenthaltsbibliothek | Aufstellungsort | Erwerbungsdatum | Anzahl Ausleihen | Letzte Aktivität | Exemplarnummer | Preis gültig von | Koha-Medientyp |
|---|---|---|---|---|---|---|---|---|---|---|---|---|---|
| Andere/Generische Klassifikation | Stadtarchiv Frankfurt (Oder) | Archivbibliothek | Stadtarchiv Frankfurt (Oder) | Archivbibliothek | Magazin | 29/04/2026 | 29/04/2026 | Z2 | 29/04/2026 | Aufsätze |